Symmetrical components as applied to the analysis of unbalanced electrical circuits, (Record no. 545837)
[ view plain ]
| 000 -LEADER | |
|---|---|
| fixed length control field | 00690cam a22001691 4500 |
| 082 ## - DEWEY DECIMAL CLASSIFICATION NUMBER | |
| Classification number | 621.3815 |
| Author Mark | WAG |
| -- | L-9, P-72 |
| 100 1# - MAIN ENTRY--PERSONAL NAME | |
| Personal name | Wagner, C. F. |
| 9 (RLIN) | 41803 |
| 245 10 - TITLE STATEMENT | |
| Title | Symmetrical components as applied to the analysis of unbalanced electrical circuits, |
| Statement of responsibility, etc. | by C.F. Wagner and R.D. Evans, with an introduction by C.L. Fortescue; used as a text in the design course of the Westinghouse graduate school. |
| 250 ## - EDITION STATEMENT | |
| Edition statement | 1st ed. |
| 260 ## - PUBLICATION, DISTRIBUTION, ETC. | |
| Place of publication, distribution, etc. | New York, |
| -- | London, |
| Name of publisher, distributor, etc. | McGraw-Hill, |
| Date of publication, distribution, etc. | 1933. |
| 300 ## - PHYSICAL DESCRIPTION | |
| Extent | xvi, 437 p. |
| Other physical details | illus., diagrs. |
| Dimensions | 24 cm. |
| 526 ## - STUDY PROGRAM INFORMATION NOTE | |
| Program name | 0 |
| Interest level | 0 |
| Reading level | 0 |
| Title point value | 621_381500000000000_WAG |
| 650 #0 - SUBJECT ADDED ENTRY--TOPICAL TERM | |
| Topical term or geographic name entry element | Electric circuits. |
| 9 (RLIN) | 10997 |
| 650 #0 - SUBJECT ADDED ENTRY--TOPICAL TERM | |
| Topical term or geographic name entry element | MCE |
| 9 (RLIN) | 379 |
| 700 1# - ADDED ENTRY--PERSONAL NAME | |
| Personal name | Evans, R. D. |
| 9 (RLIN) | 41804 |
| 942 ## - ADDED ENTRY ELEMENTS (KOHA) | |
| Source of classification or shelving scheme | |
| Koha item type | Book |
| Withdrawn status | Lost status | Source of classification or shelving scheme | Damaged status | Not for loan | Permanent Location | Current Location | Date acquired | Total Checkouts | Full call number | Barcode | Date last seen | Price effective from | Koha item type |
|---|---|---|---|---|---|---|---|---|---|---|---|---|---|
| Military College of Engineering (MCE) | Military College of Engineering (MCE) | 05/29/2014 | 621.3815 WAG | MCE-5304 | 05/29/2014 | 05/29/2014 | Book |
